MARC details
| 000 -LEADER |
| fixed length control field |
02653cam a2200577 a 4500 |
| 001 - CONTROL NUMBER |
| control field |
sjds483396 |
| 003 - CONTROL NUMBER IDENTIFIER |
| control field |
sjds |
| 005 - DATE AND TIME OF LATEST TRANSACTION |
| control field |
20240227202255.0 |
| 008 - FIXED-LENGTH DATA ELEMENTS--GENERAL INFORMATION |
| fixed length control field |
120405t20122012txua c 000 1 eng c |
| 010 ## - LIBRARY OF CONGRESS CONTROL NUMBER |
| LC control number |
2012008730 |
| 020 ## - INTERNATIONAL STANDARD BOOK NUMBER |
| International Standard Book Number |
9781558857438 (pbk.) |
| 020 ## - INTERNATIONAL STANDARD BOOK NUMBER |
| International Standard Book Number |
1558857435 (pbk.) |
| 035 ## - SYSTEM CONTROL NUMBER |
| System control number |
(OCoLC)759908885 |
| 040 ## - CATALOGING SOURCE |
| Original cataloging agency |
NJQ/DLC |
| Language of cataloging |
eng |
| Transcribing agency |
ZQP |
| Modifying agency |
DLC |
| -- |
BTCTA |
| -- |
BDX |
| -- |
YDXCP |
| -- |
IFA |
| -- |
UtOrBLW |
| 041 1# - LANGUAGE CODE |
| Language code of text/sound track or separate title |
eng |
| -- |
spa |
| Language code of original |
eng |
| 043 ## - GEOGRAPHIC AREA CODE |
| Geographic area code |
nwpr--- |
| 049 ## - LOCAL HOLDINGS (OCLC) |
| Holding library |
IFAA |
| 099 ## - LOCAL FREE-TEXT CALL NUMBER (OCLC) |
| Classification number |
398 ORTIZ COFER |
| Filing suffix |
2012 |
| 100 1# - MAIN ENTRY--PERSONAL NAME |
| Personal name |
Cofer, Judith Ortiz, |
| Dates associated with a name |
1952- |
| Relator term |
author. |
| 245 10 - TITLE STATEMENT |
| Title |
La fiesta de los animales : |
| Remainder of title |
leyendas latinas = Animal jamboree : Latino folktales / |
| Statement of responsibility, etc. |
by = por Judith Ortiz Cofer ; Spanish translation = traduccion al espanol de Natalia Rosales-Yeomans. |
| 246 30 - VARYING FORM OF TITLE |
| Title proper/short title |
Latino folktales |
| 246 30 - VARYING FORM OF TITLE |
| Title proper/short title |
Animal jamboree |
| 246 31 - VARYING FORM OF TITLE |
| Title proper/short title |
Fiesta de los animales : |
| Remainder of title |
leyendas latinas |
| 246 3# - VARYING FORM OF TITLE |
| Title proper/short title |
Leyendas latinas |
| 246 31 - VARYING FORM OF TITLE |
| Title proper/short title |
La fiesta de los animales |
| 260 ## - PUBLICATION, DISTRIBUTION, ETC. (IMPRINT) |
| Place of publication, distribution, etc. |
Houston, TX : |
| Name of publisher, distributor, etc. |
Pinata Books, |
| Date of publication, distribution, etc. |
[2012] |
| 264 #1 - PRODUCTION, PUBLICATION, DISTRIBUTION, MANUFACTURE, AND COPYRIGHT NOTICE |
| Place of production, publication, distribution, manufacture |
Houston, TX : |
| Name of producer, publisher, distributor, manufacturer |
Pinata Books, |
| Date of production, publication, distribution, manufacture, or copyright notice |
[2012] |
| 264 #4 - PRODUCTION, PUBLICATION, DISTRIBUTION, MANUFACTURE, AND COPYRIGHT NOTICE |
| Date of production, publication, distribution, manufacture, or copyright notice |
�2012 |
| 300 ## - PHYSICAL DESCRIPTION |
| Extent |
68 pages : |
| Other physical details |
illustrations ; |
| Dimensions |
22 cm |
| 336 ## - CONTENT TYPE |
| Content type term |
text |
| Content type code |
txt |
| Source |
rdacontent |
| 337 ## - MEDIA TYPE |
| Media type term |
unmediated |
| Media type code |
n |
| Source |
rdamedia |
| 338 ## - CARRIER TYPE |
| Carrier type term |
volume |
| Carrier type code |
nc |
| Source |
rdacarrier |
| 505 0# - FORMATTED CONTENTS NOTE |
| Formatted contents note |
The animals' grand fiesta = La gran fiesta de los animales -- The brave little ant and el señor Chivo = La valiente hormiguita y el señor Chivo -- A funeral for Nangato = Un funeral para Nangato -- The parrot who loved chorizos : a Puerto Rican tale = El loro que amaba el chorizo : un cuento puertorriqueño. |
| 520 ## - SUMMARY, ETC. |
| Summary, etc. |
A collection of four Puerto Rican folktales featuring a lions, mice and a brave little ant, as well as other animals. |
| 521 8# - TARGET AUDIENCE NOTE |
| Target audience note |
950 |
| Source |
Lexile |
| 526 0# - STUDY PROGRAM INFORMATION NOTE |
| Program name |
Accelerated Reader |
| Interest level |
LG |
| Reading level |
5.2 |
| Title point value |
1.0 |
| Public note |
156454 |
| 650 #0 - SUBJECT ADDED ENTRY--TOPICAL TERM |
| Topical term or geographic name as entry element |
Animals |
| Form subdivision |
Juvenile literature. |
| 650 #0 - SUBJECT ADDED ENTRY--TOPICAL TERM |
| Topical term or geographic name as entry element |
Children's stories |
| Form subdivision |
Translations into Spanish. |
| 650 #0 - SUBJECT ADDED ENTRY--TOPICAL TERM |
| Topical term or geographic name as entry element |
Tales |
| Geographic subdivision |
Puerto Rico |
| Form subdivision |
Juvenile literature. |
| 650 #0 - SUBJECT ADDED ENTRY--TOPICAL TERM |
| Topical term or geographic name as entry element |
Short stories |
| Form subdivision |
Juvenile literature. |
| 650 #0 - SUBJECT ADDED ENTRY--TOPICAL TERM |
| Topical term or geographic name as entry element |
Spanish language materials |
| General subdivision |
Bilingual |
| Form subdivision |
Juvenile literature. |
| 650 #7 - SUBJECT ADDED ENTRY--TOPICAL TERM |
| Topical term or geographic name as entry element |
Animales |
| Form subdivision |
Literatura juvenil. |
| Source of heading or term |
bidex |
| 650 #7 - SUBJECT ADDED ENTRY--TOPICAL TERM |
| Topical term or geographic name as entry element |
Cuentos infantiles |
| Form subdivision |
Traducciones al español. |
| Source of heading or term |
bidex |
| 650 #7 - SUBJECT ADDED ENTRY--TOPICAL TERM |
| Topical term or geographic name as entry element |
Cuentos populares |
| Geographic subdivision |
Puerto Rico |
| Form subdivision |
Literatura juvenil. |
| Source of heading or term |
bidex |
| 650 #7 - SUBJECT ADDED ENTRY--TOPICAL TERM |
| Topical term or geographic name as entry element |
Cuentos |
| Form subdivision |
Literatura juvenil. |
| Source of heading or term |
bidex |
| 650 #7 - SUBJECT ADDED ENTRY--TOPICAL TERM |
| Topical term or geographic name as entry element |
Materiales bilingües en español |
| Form subdivision |
Literatura juvenil. |
| Source of heading or term |
bidex |
| 700 12 - ADDED ENTRY--PERSONAL NAME |
| Personal name |
Cofer, Judith Ortiz, |
| Dates associated with a name |
1952- |
| Title of a work |
Short stories. |
| Form subheading |
Selections. |
| Language of a work |
Spanish. |
| 700 12 - ADDED ENTRY--PERSONAL NAME |
| Personal name |
Cofer, Judith Ortiz, |
| Dates associated with a name |
1952- |
| Title of a work |
Short stories. |
| Form subheading |
Selections. |
| Language of a work |
English. |
| 700 1# - ADDED ENTRY--PERSONAL NAME |
| Personal name |
Rosales-Yeomans, Natalia. |
| 942 ## - ADDED ENTRY ELEMENTS (KOHA) |
| Koha item type |
Libro/Book |
| Source of classification or shelving scheme |
Dewey Decimal Classification |